| Tag |
First Indicator |
Second Indicator |
Subfields |
| LEADER |
00000cam a2200000 4500 |
| 001 |
in00000336151 |
| 005 |
20151011055028.0 |
| 008 |
750619r19661875nyu 00110 eng u |
| 035 |
|
|
|a (OCoLC)01398847
|
| 035 |
|
|
|9 ABM1975AM
|
| 040 |
|
|
|c OSU
|d TXA
|d UtOrBLW
|
| 049 |
|
|
|a TXAM
|c [1435009]
|
| 090 |
|
|
|a PQ1419
|b .A4 1966
|
| 130 |
0 |
|
|a Aiol.
|
| 245 |
1 |
0 |
|a Aiol; chanson de geste /
|c pub. d'apres le manuscrit unique de Paris, par Jacques Normand & Gaston Raynaud.
|
| 264 |
|
1 |
|a New York :
|b Johnson Reprint,
|c [1966]
|
| 300 |
|
|
|a lxvii, 350 pages ;
|c 23 cm.
|
| 336 |
|
|
|a text
|b txt
|2 rdacontent
|
| 337 |
|
|
|a unmediated
|b n
|2 rdamedia
|
| 338 |
|
|
|a volume
|b nc
|2 rdacarrier
|
| 500 |
|
|
|a Reprint of 1875 edition published by Firmin Didot, Paris and issued in series Socite des anciens textes francais, 7.
|
| 700 |
1 |
|
|a Normand, Jacques,
|d 1848-1931.
|t Aiol; chanson de geste.
|
| 700 |
1 |
|
|a Raynaud, Gaston,
|d 1850-1911.
|
| 830 |
|
0 |
|a Societe des anciens textes francais (Series) ;
|v 7.
|
| 999 |
|
|
|a MARS
|
| 999 |
f |
f |
|s f903ca60-5f03-3b82-be31-707d7c658095
|i 0941caf9-f791-37ca-b1b8-0e15de6bd32a
|t 0
|
| 952 |
f |
f |
|p normal
|a Texas A&M University
|b College Station
|c Sterling C. Evans Library
|d Evans: Library Stacks
|t 0
|e PQ1419 .A4 1966
|h Library of Congress classification
|i unmediated -- volume
|m A14803751770
|
| 998 |
f |
f |
|a PQ1419 .A4 1966
|t 0
|l Evans: Library Stacks
|